The most NOT random countries - Statistics

General Stats
  • This quiz has been taken 13 times
  • The average score is 9 of 15
Answer Stats
Hint Answer % Correct
2 China
92%
1 USA
92%
3 UK
67%
12 Australia
58%
4 France
58%
7 Germany
58%
10 India
58%
6 Russia
58%
8 Spain
58%
11 Brazil
50%
5 Italy
50%
13 Japan
50%
14 Mexico
50%
9 Turkey
33%
15 Palau
17%
No matching quizzes found
Score Distribution
Percent of People with Each Score
Percentile by Number Answered
Your Score History
You have not taken this quiz